| 000 | 00966nam a2200229 a 4500 | ||
|---|---|---|---|
| 001 | 83744 | ||
| 003 | BD-RjUL | ||
| 005 | 20240514154249.0 | ||
| 008 | 240514s20001997ii ||||| |||| 00| 0 ben d | ||
| 035 | _a(BD-RjUL)83744 | ||
| 040 |
_aBD-RjUL _beng _cBD-RjUL |
||
| 041 | _aben | ||
| 082 |
_223 _a891.4409 _bCHS 2000 |
||
| 100 |
_aচট্টোপাধ্যায়, হীরেন _911935 |
||
| 245 |
_aসাহিত্য প্রকরণ / _cহীরেন চট্টোপাধ্যায় |
||
| 250 | _a৩য় পরিবর্ধিত সং. | ||
| 260 |
_aকলকাতা : _bবঙ্গীয় সাহিত্য সংসদ, _c১৯৯৭,[পুনর্মদন ২০০০] |
||
| 300 |
_a২৫৯ পৃ.; _c২২ সেমি. |
||
| 650 |
_aবাংলা সাহিত্য _xইতিহাস ও সমালোচনা _911936 |
||
| 650 |
_aBengali literature _xHistory and Criticism |
||
| 942 |
_2ddc _cBK |
||
| 999 |
_c83744 _d83744 |
||